00476 2200169 4500245006200000020002200062250001100084100002600095650002600121005001900147260003500166041001400201084000800215500004100223490003300264336000900297 aENSIKLOPEDIA OLAHRAGA VOL.08cRATNA DIAJENG MINARDOhText a978-602-7618-31-9 aCet. 2 aRATNA DIAJENG MINARDO aEnsiklopedia Olahraga a20240828092535 aJakartabKlik Publishingc2013 aIndonesia a796 aDaftar isi : squash, sumo, taekwondo aENSIKLOPEDIA OLAHRAGA VOL.08 atext